MARC details
| 000 -CABECERA |
| campo de control de longitud fija |
02141nam a2200313 a 4500 |
| 001 - NÚMERO DE CONTROL |
| campo de control |
BRCA_2478 |
| 005 - FECHA Y HORA DE LA ÚLTIMA TRANSACCIÓN |
| campo de control |
20190320203829.0 |
| 008 - DATOS DE LONGITUD FIJA--INFORMACIÓN GENERAL |
| campo de control de longitud fija |
211108s1839----sp-a---###---#000-0dspa-u |
| 041 ## - CÓDIGO DE LENGUA |
| Código de lengua del texto/banda sonora o título independiente |
spa |
| 044 ## - CÓDIGO DEL PAÍS DE LA ENTIDAD EDITORA/PRODUCTORA |
| Código MARC del país |
sp |
| 084 ## - OTRO NÚMERO DE CLASIFICACIÓN |
| Número de clasificación |
118 |
| Número de documento/Ítem |
.B47 |
| -- |
1839 |
| 100 1# - ENTRADA PRINCIPAL--NOMBRE DE PERSONA |
| Nombre de persona |
Cervantes Saavedra, Miguel de |
| Fechas asociadas al nombre |
1547-1616 |
| 9 (RLIN) |
213 |
| 245 10 - MENCIÓN DE TÍTULO |
| Título |
El Ingenioso Hidalgo Don Quijote de la Mancha |
| Mención de responsabilidad, etc. |
compuesto por Miguel de Cervantes Saavedra. |
| 260 ## - PUBLICACIÓN, DISTRIBUCIÓN, ETC. |
| Lugar de publicación, distribución, etc. |
Barcelona |
| Nombre del editor, distribuidor, etc. |
Antonio Bergnes |
| Fecha de publicación, distribución, etc. |
1839 |
| 300 ## - DESCRIPCIÓN FÍSICA |
| Extensión |
2 v. |
| Otras características físicas |
il. |
| Dimensiones |
26 cm. |
| 500 ## - NOTA GENERAL |
| Nota general |
Contenido : v 1. Primera parte. Retrato de Cervantes. Noticia sobre la vida y escritos de Cervantes, traducción de la que escriben en francés Viardot. Dedicatoria del autor. Prólogo del autor. Versos preliminares. Texto. -- v 2. Segunda parte. Dedicatoria del autor. Prólogo del autor. Texto |
| 500 ## - NOTA GENERAL |
| Nota general |
Edición : Edición adornada con 800 láminas repartidas por el contexto |
| 500 ## - NOTA GENERAL |
| Nota general |
La presente edición es notable por su impresión irreprochable y el breve, pero importante esbozo de la vida de Cervantes, escrito por el propiamente hispanista francés Luis Viardot, vertido al español. Sigue el texto de la edición de 1832 del mismo editor Bergnes. Pero, siendo el propósito de este úl Lúdtimo dar a conocer en España los famosos dibujos de Tony Johannot, estampados en la edición francesa de París, en 1836-37, conservó los mismos tipos, papel, frontispicios y viñetas, con cuyos elementos hizo una impresión excelente. Es la primera edición española impresa con los numerosísimos dibujos de Tony Johannot, merced a los cuales vieron a D. Quijote millones de hombres, tanto en Europa como en América Lúdovik Osterc |
| 500 ## - NOTA GENERAL |
| Nota general |
QM100 |
| 650 14 - PUNTO DE ACCESO ADICIONAL DE MATERIA--TÉRMINO DE MATERIA |
| Término de materia o nombre geográfico como elemento de entrada |
Novela española |
| Subdivisión cronológica |
Época clásica, 1500-1700 |
| 9 (RLIN) |
215 |
| 650 14 - PUNTO DE ACCESO ADICIONAL DE MATERIA--TÉRMINO DE MATERIA |
| Término de materia o nombre geográfico como elemento de entrada |
Literatura española |
| Subdivisión cronológica |
Época clásica, 1500-1700 |
| 9 (RLIN) |
216 |
| 650 14 - PUNTO DE ACCESO ADICIONAL DE MATERIA--TÉRMINO DE MATERIA |
| Término de materia o nombre geográfico como elemento de entrada |
Novela española |
| Subdivisión cronológica |
Siglo XVII |
| 9 (RLIN) |
217 |
| 650 14 - PUNTO DE ACCESO ADICIONAL DE MATERIA--TÉRMINO DE MATERIA |
| Término de materia o nombre geográfico como elemento de entrada |
Don Quijote (Personaje ficticio) |
| Término indicativo de función/relación |
Novela |
| 9 (RLIN) |
218 |
| 700 1# - PUNTO DE ACCESO ADICIONAL--NOMBRE DE PERSONA |
| Nombre de persona |
Viardot, Luis |
| Fechas asociadas al nombre |
1800-1883 |
| Término indicativo de función/relación |
Biógrafo |
| 9 (RLIN) |
7172 |
| 700 1# - PUNTO DE ACCESO ADICIONAL--NOMBRE DE PERSONA |
| Nombre de persona |
Johannot, Tony |
| Fechas asociadas al nombre |
1803-1852 |
| Término indicativo de función/relación |
Ilustrador |
| 9 (RLIN) |
7173 |
| 740 0# - PUNTO DE ACCESO ADICIONAL--TÍTULO RELACIONADO O ANALÍTICO NO CONTROLADO |
| Título relacionado o analítico no controlado |
El Ingenioso Hidalgo Don Quijote de la Mancha |
| 902 ## - CATALOGADOR |
| Iniciales |
QFM |
| 942 ## - ELEMENTOS DE PUNTO DE ACCESO ADICIONAL (KOHA) |
| Fuente del sistema de clasificación o colocación |
Library of Congress Classification |
| Tipo de ítem Koha |
Libros |